Statistics for British Sports Stars By Surname - The Letter F (Photo Quiz)

Click here to take the quiz!

General Stats

  • This quiz has been taken 21 times
  • The average score is 9 of 20

Answer Stats

Answer% Correct
Mo Farah
95%
Phil Foden
86%
Tyson Fury
81%
Andrew Flintoff
71%
Robbie Fowler
71%
Nick Faldo
67%
Owen Farrell
52%
Chris Froome
48%
Trevor Francis
48%
Brendan Foster
43%
Tommy Fleetwood
43%
Andy Fordham
33%
John Francome
33%
Mark Foster
33%
Neal Foulds
24%
Angus Fraser
14%
Chris Finnegan
14%
Donna Fraser
5%
Clare Francis
0%
Dick Francis
0%

Score Distribution

Percentile by Number Answered

Percent of People with Each Score

Your Score History

You have not taken this quiz